000 00328nam a22001217a 4500
008 180426b xxu||||| |||| 00| 0 eng d
041 _aeng
080 _a043.3
100 _a0
101 _aSHKI-MTH
245 _aAnaliza komparative e protokoleve të rrugëtimit në rrjetat tradicionale dhe AD-HOC
_cKuçi,J
942 _2udc
_cBK
999 _c45566
_d45566